Statistiken für Marshallinseln-Quiz

Klicken Sie hier um das Quiz zu spielen!

Allgemein

  • Dieses Quiz wurde 1.023 mal gespielt
  • Das Durchschnittsergebnis liegt bei 8 aus 16

Antwortstatistiken

FrageAntwort% Korrekt
AmtssprachenEnglisch
97%
Ozeanische Inselregion, zu der die Marshallinseln gehören{Mikro}nesien
87%
Land, von dem die Marshallinseln 1986 unabhängig wurdenVereinigte Staaten
83%
Land, das die Marshallinseln 1914–1944 besetzteJapan
77%
Korallenriff, auf welchem die USA 23 Atombomben testeten{Bikini}-Atoll
69%
Technisch gesehen, besitzen die Marshallinseln die viertgrößte Handels____ der Welt,
wegen ihren Ruf als "Billigflagge"
Flotte
63%
Die Marshallinseln werden oft als eines der von diesem Phänomen meist gefährdeten Länder angesehenKlimaerwärmung
60%
Die Marshallinseln haben nach den Malediven durchschnittlich die zweittiefste ___ weltweitHöhe
59%
Hauptstadt der MarshallinselnMajuro
51%
Die Marshallinseln wurden nach diesem britischen Offizier der Royal Navy benannt, der die Inseln 1788 besuchte{John} Marshall
29%
Weltgrößter Krebstier{Palmen}dieb
29%
AmtssprachenMarshallesisch
26%
Name des stärksten Nukleartests, der jemals von den USA durchgeführt wurdeCastle {Bravo}
19%
Vertrag zwischen den Marshallinseln mit dem obigen Land, der es
die Inselbewohnern erlaubt dort auszuwandern und zu arbeiten
Compact of
Free {Association}
18%
Nichtinkorporiertes Territorium der USA, das von den Marshallinseln beansprucht wird; 1941 fand dort eine berühmte Schlacht statt{Wake} Island
18%
Einheimisches Orientierungsmittel, dessen Prinzip auf den Bewegungen der Meereswellen beruht{Stab}karte
11%

Verteilung der Resultate

Perzentil nach korrekt beantworteten Fragen

Anzahl Personen mit jedem Resultat

Ihre Resultats-Entwicklung

Sie haben dieses Quiz noch nicht gespielt